Papel mojado / (Registro nro. 104406)

Detalles MARC
000 -LEADER
campo de control de longitud fija 00762nam a2200241 i 4500
001 - NÚMERO DE CONTROL
campo de control 104406
003 - IDENTIFICADOR DE NÚMERO DE CONTROL
campo de control ES-MaACL
005 - FECHA Y HORA DE LA ÚLTIMA TRANSACCIÓN
campo de control 20250901063123.0
007 - CAMPO FIJO DE DESCRIPCIÓN FÍSICA--INFORMACIÓN GENERAL
campo de control de longitud fija t|
008 - DATOS DE LONGITUD FIJA--INFORMACIÓN GENERAL
campo de control de longitud fija 051129s1985 sp ||||1| spa d
020 ## - NÚMERO INTERNACIONAL ESTÁNDAR DEL LIBRO
Número Internacional Estándar del Libro 84-7525-142-0
100 ## - ENTRADA PRINCIPAL--NOMBRE DE PERSONA
Nombre de persona Millás, Juan José,
Fechas asociadas al nombre 1946-
9 (RLIN) 241756
245 10 - MENCIÓN DEL TÍTULO
Título Papel mojado /
Mención de responsabilidad, etc. Juan José Millás; apéndice Constantino Bértolo Cadenas; ilustración Viana Fuentes.
250 ## - MENCION DE EDICION
Mención de edición 3ª ed.
260 ## - PUBLICACIÓN, DISTRIBUCIÓN, ETC.
Lugar de publicación, distribución, etc. Madrid :
Nombre del editor, distribuidor, etc. Anaya,
Fecha de publicación, distribución, etc. 1985.
300 ## - DESCRIPCIÓN FÍSICA
Extensión 214 p. :
Otras características físicas il. ;
Dimensiones 20 cm.
490 1# - MENCIÓN DE SERIE
Mención de serie Tus libros ;
Designación de volumen o secuencia 33
700 1# - ENTRADA AGREGADA--NOMBRE PERSONAL
Nombre de persona Bértolo Cadenas, Constantino.
9 (RLIN) 28481
700 1# - ENTRADA AGREGADA--NOMBRE PERSONAL
Nombre de persona Fuentes, Viana.
9 (RLIN) 52912
830 0# - PUNTO DE ACCESO ADICIONAL DE SERIE-TÍTULO UNIFORME
Título uniforme Tus libros ;
Designación de volumen o secuencia 33
9 (RLIN) 232636
852 ## - LOCALIZACIÓN
Ubicación ES-MaACL
Número de control de estantería L-10343
Sublocalización o colección R.112451
Existencias
Estatus retirado Estado de pérdida Estado de daño No para préstamo Biblioteca de origen Biblioteca actual Ubicación en estantería Fecha de adquisición Fuente de adquisición Total de préstamos Signatura topográfica completa Código de barras Visto por última vez Precio de reemplazo Tipo de ítem Koha
        Biblioteca del Ateneo de Madrid Biblioteca del Ateneo de Madrid Depósito 2 17/01/2008     L-10343 1109010 23/02/2023 23/02/2023 Libro impreso